Fortnite : Skins du pass de combat (Chapitre 1) - Statistiques

Statistiques générales
  • Ce quiz a été pris 353 fois
  • Le résultat moyen est 12 sur 59
Statistiques - réponses
Par images Hint Réponse % Correct
Saison 2 Palier 70 Chevalier Noir
97%
Saison 8 Palier 47 Banane
72%
Saison 4 Palier 100 Omega
65%
Saison 3 Palier 100 Le Faucheur
60%
Saison 5 Palier 1 Nomade
45%
Saison 5 Palier 100 Ragnarök
45%
Saison 4 Palier 23 Graffeuse
43%
Saison 6 Palier 1 DJ Lama
41%
Saison 4 Palier 1 Carburo
40%
Saison 6 Palier 47 Chaperon
38%
Saison 7 Palier 1 Lynx
37%
Saison 5 Palier 47 Sauveteuse
36%
Saison 3 Palier 87 Agent d'Elite
30%
Saison 3 Palier 23 Roi de la Rouille
30%
Saison 7 Palier 100 Roi des Glaces
29%
Saison 8 Palier 100 Ambre
28%
Saison 6 Palier 1 Calamité
28%
Saison 2 Palier 21 Chevaleresse
27%
Saison 4 Palier 71 Valora
27%
Saison 4 Palier 47 Zoey
26%
Saison 9 Palier 23 Jonesy du Bunker
25%
Saison 3 Palier 70 Voyageur Noir
19%
Saison 6 Palier 100 Lycan
15%
Saison 7 Palier 71 Trog
15%
Saison 8 Palier 1 Hybride
14%
Saison 2 Palier 1 Ecuyer Bleu
13%
Saison 10 Palier 23 Graffeuse de Tilted
12%
Saison 7 Palier 87 Grenouillère
12%
Saison 9 Palier 1 Rox
12%
Saison 5 Palier 23 Ligne Rouge
11%
Saison 7 Palier 23 Sergent Frimas
11%
Saison 4 Palier 1 Le Faucon
10%
Saison 8 Palier 23 Vipère
10%
Saison 9 Palier 1 Sentinelle
9%
Saison 10 Palier 100 Chevalier Ultime
8%
Saison 9 Palier 87 Méta
8%
Saison 7 Palier 1 Zénith
8%
Saison 8 Palier 1 Coeur Noir
7%
Saison 8 Palier 87 Gardien des Clés
7%
Saison 5 Palier 71 Marteau-Pilon
7%
Saison 5 Palier 87 Secrétaire de Guerre
7%
Saison 7 Palier 47 Poudreuse
6%
Saison 8 Palier 71 Tison
6%
Saison 9 Palier 47 Véga
6%
Saison 5 Palier 1 Chasseresse
5%
Saison 4 Palier 87 Chef de Section
5%
Saison 6 Palier 86 Cucurbitacée
5%
Saison 10 Palier 1 Déclic
5%
Saison 2 Palier 56 Soldat à Facettes
5%
Saison 9 Palier 100 Vendetta
5%
Saison 10 Palier 70 Etincelle
4%
Saison 6 Palier 23 Fier Destrier
4%
Saison 3 Palier 1 Spationaute
4%
Saison 9 Palier 71 Stratus
3%
Saison 6 Palier 71 Crépuscule
2%
Saison 3 Palier 55 Exploratrice Lunaire
2%
Saison 10 Palier 1 Maître Occulte
2%
Saison 10 Palier 47 Platine
2%
Saison 10 Palier 87 Voyageur Eternel
2%
Aucun quiz correspondant
Distribution des résultats
% des personnes avec chaque résultat
Percentile par nombre de réponses
Votre historique - résultats
Vous n’avez pas pris ce quiz